000 00547nam a22001817a 4500
005 20231206072244.0
008 231206b |||||||| |||| 00| 0 eng d
020 _a0702153761 ; 0702153834
041 _aEnglish
082 _a348 JUT
100 _lEnglish
245 _aJuta's Statutes of South Africa /
_cJUTA'S STATUTES EDITORS
250 _aNinth Edition
260 _aCape Town :
_bJuta and Company Ltd,
_c1999
300 _b427 pages ;
_c27 cm.
650 _aLegal practice
_bLaw
942 _cBK
_6ALISON_BN_VRIES
999 _c1136
_d1136